000 00412nam a2200181Ia 4500
001 15210
005 20260306165011.0
008 260306t1999||||xx |||||||||||||| ||spa||
041 _aESP
082 _a530.076
_bR44 T. 1
100 _aResnick, Robert
_eAUT
245 0 _aSolucionario fĂ­sica I
260 _c1999
300 _aT. 1
_c21 cm.
650 _aGEN
654 _aCCN
942 _cLIB
_dJUS
_fJUS
_2ddc
_n
999 _c15210
_d15210